El mundo político de Carlos V

Kaydedildi:
Detaylı Bibliyografya
Yazar: Rassow, Peter (Yazar)
Materyal Türü: Kitap
Dil:İspanyolca
Baskı/Yayın Bilgisi: Madrid, España Afrodisio Aguado 1945
Konular:
Etiketler: Etiketle
Etiket eklenmemiş, İlk siz ekleyin!

MARC

LEADER 00000nam a2200000 a 4500
001 UCO1224
003 CL-VaPUC
005 20200422160506.0
008 000512e19450000SP |||||||||||||||||spa|d
999 |c 287853  |d 287851 
040 |c Pontificia Universidad Católica de Valparaíso 
082 0 4 |a 946.042 RAS 1945  |2 21 
100 0 |a Rassow, Peter  |e author  |9 443138 
245 1 3 |a El mundo político de Carlos V 
260 |a Madrid, España  |b Afrodisio Aguado  |c 1945 
300 |a 109 páginas 
583 |a last modification  |c 20160817 04:39:38  |k Rodrigo Vera 
600 0 7 |a CARLOS V  |2 CL-VaPUC  |9 349626  |x MONARQUIA ESPAÑOLA  |z ESPAÑA 
650 7 |a HISTORIA DE ESPAÑA  |2 CL-VaPUC  |9 318547  |y SIGLO 16 
852 |a BIBCUR 
942 |c BK  |2 ddc 
945 |d 20000512 00:00:00  |a rherrera 
952 |0 0  |1 0  |2 ddc  |4 0  |6 946_042000000000000_RAS_1945  |7 0  |8 X  |9 334918  |a BIBHIS  |b BIBHIS  |d 2019-11-20  |i 1280341  |l 1  |o 946.042 RAS 1945  |p 1280341  |r 2024-12-04  |s 2024-12-04  |t 1  |w 2019-11-20  |y BK_X  |k HIS